[Event "Kingston Fall Active"]
[Site "Kingston CAN"]
[Date "2001.12.10"]
[Round "1"]
[White "Panjwani, Raja"]
[Black "Dixon, Frank"]
[Result "1/2-1/2"]
[WhiteElo "1934"]
[BlackElo "1746"]
[PlyCount "70"]
[EventDate "2001.12.10"]
[EventType "swiss (rapid)"]
[EventRounds "6"]
[EventCountry "CAN"]
[Source "CFC"]
[SourceDate "2002.02.??"]

1. e4 d5 2. exd5 Nf6 3. d4 Nxd5 4. c4 Nf6 5. Nc3 g6 6. Bf4 Bg7 7. Nf3 O-O 8.
Qd2 c5 9. d5 Qa5 10. Bd3 Bg4 11. Ne5 Nbd7 12. f3 Nxe5 13. Bxe5 Bd7 14. g4 a6
15. g5 Nh5 16. Bxg7 Nxg7 17. f4 b5 18. Ne4 Qc7 19. d6 exd6 20. Nf6+ Kh8 21. h4
bxc4 22. h5 Rae8+ 23. Kf2 cxd3 24. hxg6 h5 25. gxh6 Re2+ 26. Qxe2 dxe2 27.
hxg7+ Kxg7 28. Nd5 Qb8 29. Rh7+ Kxg6 30. Rah1 Qxb2 31. R1h5 Re8 32. R7h6+ Kg7
33. Rh7+ Kg6 34. R7h6+ Kg7 35. Rh7+ Kg6 1/2-1/2

[Event "Whig-Standard"]
[Site "Kingston CAN"]
[Date "2001.11.05"]
[Round "4"]
[White "Serdula, Jay"]
[Black "Panjwani, Raja"]
[Result "1-0"]
[WhiteElo "1916"]
[BlackElo "1934"]
[PlyCount "63"]
[EventDate "2001.10.15"]
[EventType "swiss"]
[EventRounds "9"]
[EventCountry "CAN"]
[Source "CFC"]
[SourceDate "2002.02.??"]

1. d4 Nf6 2. Nf3 e6 3. c4 b6 4. Nc3 Bb7 5. Qc2 Bb4 6. e3 Ne4 7. Bd3 f5 8. Nd2
Bxc3 9. bxc3 Qg5 10. Nxe4 Qxg2 11. Ng3 h5 12. h4 g5 13. hxg5 h4 14. Ba3 h3 15.
Bf1 Qxh1 16. Nxh1 Bxh1 17. Bxh3 Rxh3 18. O-O-O Be4 19. Qd2 Nc6 20. d5 exd5 21.
cxd5 Ne5 22. Qd4 d6 23. f4 Rh2 24. Qa4+ b5 25. Qxb5+ c6 26. Qa4 Rb8 27. Bb4 a5
28. fxe5 Rc2+ 29. Qxc2 Bxc2 30. Kxc2 axb4 31. dxc6 bxc3 32. exd6 1-0

[Event "CAN-op"]
[Site "Sackville CAN"]
[Date "2001.07.07"]
[Round "1"]
[White "Mulyar, Michael"]
[Black "Panjwani, Raja"]
[Result "1/2-1/2"]
[WhiteElo "2431"]
[BlackElo "1946"]
[PlyCount "77"]
[EventDate "2001.07.07"]
[EventType "swiss"]
[EventRounds "10"]
[EventCountry "CAN"]

1. c4 Nf6 2. Nc3 b6 3. e4 d6 4. d4 Bb7 5. Bd3 Nbd7 6. Nf3 e5 7. d5 Be7 8. h3 a5
9. Be3 Nc5 10. Bc2 Ba6 11. Qe2 Nfd7 12. g4 g5 13. h4 gxh4 14. g5 Rg8 15. Rxh4
Bxg5 16. Nxg5 Rxg5 17. O-O-O Rg7 18. Rdh1 Nf6 19. Rh6 Qe7 20. Qf3 Ncd7 21. Ba4
O-O-O 22. Qf5 Ng4 23. Rxh7 Rxh7 24. Rxh7 Nxe3 25. fxe3 Rf8 26. b3 Kd8 27. Bc6
Bc8 28. Qf3 Nc5 29. Ne2 Bd7 30. Bxd7 Nxd7 31. Kd2 Qf6 32. Qg4 Qg6 33. Qxg6 fxg6
34. Rg7 Nf6 35. Rxg6 Nxe4+ 36. Kd3 Nc5+ 37. Kd2 Ne4+ 38. Kd3 Nc5+ 39. Kd2
1/2-1/2

[Event "CAN-op"]
[Site "Sackville CAN"]
[Date "2001.07.08"]
[Round "2"]
[White "Panjwani, Raja"]
[Black "Davidson, Brian"]
[Result "1/2-1/2"]
[WhiteElo "1946"]
[BlackElo "1806"]
[PlyCount "51"]
[EventDate "2001.07.07"]
[EventType "swiss"]
[EventRounds "10"]
[EventCountry "CAN"]

1. e4 c5 2. c4 d6 3. Nc3 Nf6 4. g3 Nc6 5. Bg2 e5 6. Nge2 Bg4 7. f3 Be6 8. d3
Be7 9. O-O O-O 10. f4 Bg4 11. h3 Bxe2 12. Nxe2 Rb8 13. f5 h6 14. Nc3 a6 15. Nd5
Nxd5 16. cxd5 Nd4 17. Be3 Bg5 18. Bf2 Qb6 19. h4 Bf6 20. Qd2 Rfc8 21. Bxd4 exd4
22. b3 Be5 23. g4 Qd8 24. Qf2 Bf6 25. h5 Bg5 26. Qg3 1/2-1/2

[Event "CAN-op"]
[Site "Sackville CAN"]
[Date "2001.07.08"]
[Round "3"]
[White "Cooke, Matthew"]
[Black "Panjwani, Raja"]
[Result "0-1"]
[WhiteElo "1708"]
[BlackElo "1946"]
[PlyCount "48"]
[EventDate "2001.07.07"]
[EventType "swiss"]
[EventRounds "10"]
[EventCountry "CAN"]

1. d4 Nf6 2. Nf3 e6 3. Bf4 d5 4. e3 c5 5. c3 Nc6 6. Bd3 Qb6 7. b3 Nh5 8. Bg3
Nxg3 9. hxg3 Be7 10. Qc2 h6 11. Nbd2 cxd4 12. exd4 Bd7 13. O-O Rc8 14. Qb2 O-O
15. Ne5 Nxe5 16. dxe5 f6 17. Nf3 Rc7 18. c4 dxc4 19. Bxc4 Rxc4 20. Qe2 Rc5 21.
Rfd1 Bb5 22. Qe4 Bc6 23. Qg4 Bxf3 24. gxf3 Rc2 0-1

[Event "CAN-op"]
[Site "Sackville CAN"]
[Date "2001.07.09"]
[Round "4"]
[White "Panjwani, Raja"]
[Black "Venning, Ron"]
[Result "1-0"]
[WhiteElo "1944"]
[BlackElo "1655"]
[PlyCount "37"]
[EventDate "2001.07.07"]
[EventType "swiss"]
[EventRounds "10"]
[EventCountry "CAN"]

1. e4 c5 2. c4 d6 3. Nc3 Nc6 4. g3 Nf6 5. Bg2 e6 6. Nge2 a6 7. d3 Be7 8. O-O
O-O 9. Bh3 Qc7 10. f4 Bd7 11. g4 h6 12. Ng3 Rfe8 13. g5 hxg5 14. fxg5 Nh7 15.
Qh5 g6 16. Qh4 Qd8 17. Rxf7 Nxg5 18. Bxg5 Kxf7 19. Qh7+ 1-0

[Event "CAN-op"]
[Site "Sackville CAN"]
[Date "2001.07.12"]
[Round "7"]
[White "Gilks, James"]
[Black "Panjwani, Raja"]
[Result "0-1"]
[WhiteElo "1691"]
[BlackElo "1946"]
[PlyCount "76"]
[EventDate "2001.07.07"]
[EventType "swiss"]
[EventRounds "10"]
[EventCountry "CAN"]

1. d4 Nf6 2. c4 e6 3. Nf3 b6 4. Bg5 Bb7 5. Nbd2 d5 6. e3 c5 7. cxd5 exd5 8.
dxc5 bxc5 9. Bb5+ Bc6 10. Bxc6+ Nxc6 11. Qa4 Qd7 12. Bxf6 gxf6 13. O-O Rb8 14.
b3 Rb4 15. Qa6 Rg8 16. Rfd1 Rb6 17. Qf1 Bd6 18. g3 Be5 19. Rac1 Qe7 20. Qh3 Kf8
21. Qc8+ Kg7 22. Qg4+ Kh8 23. Qh4 Rb7 24. Qh3 Rg4 25. Qg2 Nb4 26. Nxe5 fxe5 27.
a3 Nd3 28. Rc3 e4 29. Nf1 Qf6 30. h3 Qxc3 31. hxg4 Qxb3 32. Ra1 Qb2 33. Rd1 c4
34. Nd2 c3 35. Nxe4 c2 36. Nd6 cxd1=Q+ 37. Kh2 Qxf2 38. Nxf7+ Kg7 0-1

[Event "CAN-op"]
[Site "Sackville CAN"]
[Date "2001.07.14"]
[Round "9"]
[White "Sullivan, Brian"]
[Black "Panjwani, Raja"]
[Result "0-1"]
[WhiteElo "1738"]
[BlackElo "1946"]
[PlyCount "80"]
[EventDate "2001.07.07"]
[EventType "swiss"]
[EventRounds "10"]
[EventCountry "CAN"]

1. d4 Nf6 2. c4 e6 3. Nc3 Bb4 4. Qc2 O-O 5. Nf3 b6 6. a3 Bxc3+ 7. Qxc3 Ne4 8.
Qc2 f5 9. g3 Bb7 10. Bg2 Nf6 11. O-O Be4 12. Qc3 d6 13. b4 Nbd7 14. Nd2 Bxg2
15. Kxg2 Qe8 16. Nf3 Ne4 17. Qe3 Qh5 18. Qf4 Ndf6 19. Qh4 Qxh4 20. Nxh4 g5 21.
Nf3 g4 22. Ng5 Rae8 23. Nxe4 Nxe4 24. f3 Nc3 25. Re1 e5 26. a4 exd4 27. Bd2
Nxe2 28. Kf2 Nc3 29. Bxc3 dxc3 30. Rac1 Rxe1 31. Kxe1 a5 32. b5 Re8+ 33. Kf2
gxf3 34. Kxf3 Kf7 35. Rxc3 Re1 36. Kf4 Kf6 37. h3 h5 38. h4 Ra1 39. c5 Rxa4+
40. Kf3 bxc5 0-1

[Event "Toronto Class ch U2200"]
[Site "Toronto CAN"]
[Date "2001.03.11"]
[Round "5"]
[White "Dutton, Warren"]
[Black "Panjwani, Raja"]
[Result "1-0"]
[WhiteElo "2097"]
[BlackElo "1861"]
[PlyCount "43"]
[EventDate "2001.03.09"]
[EventType "swiss"]
[EventRounds "5"]
[EventCountry "CAN"]

1. e4 c5 2. Nc3 Nc6 3. g3 g6 4. Bg2 Bg7 5. d3 e6 6. Be3 d6 7. Qd2 Nge7 8. Nge2
O-O 9. Bh6 a6 10. h4 Nd4 11. Bxg7 Kxg7 12. h5 Ng8 13. O-O-O g5 14. h6+ Nxh6 15.
Rh5 Nxe2+ 16. Nxe2 Ng8 17. Rxg5+ Kh8 18. Rh1 Nf6 19. Qf4 e5 20. Qh4 Qe7 21. Rh5
Kg7 22. Rxh7+ 1-0

[Event "Kingston"]
[Site "Kingston CAN"]
[Date "2001.??.??"]
[Round "?"]
[White "Kirby, Patrick"]
[Black "Panjwani, Raja"]
[Result "1-0"]
[WhiteElo "2130"]
[BlackElo "1928"]
[PlyCount "57"]
[EventDate "2001.??.??"]
[EventCountry "CAN"]

1. e4 c5 2. Nc3 Nc6 3. g3 g6 4. Bg2 Bg7 5. d3 d6 6. f4 Rb8 7. Nf3 b5 8. O-O Nd4
9. h3 e6 10. Nh4 Ne7 11. a3 Nec6 12. Rb1 b4 13. axb4 Nxb4 14. Rf2 Qa5 15. f5
exf5 16. exf5 Be5 17. fxg6 hxg6 18. Ne4 Nbxc2 19. Bg5 Be6 20. Nf6+ Bxf6 21.
Bxf6 Rh7 22. Rxc2 Nxc2 23. Qxc2 Kd7 24. d4 Rc8 25. d5 Re8 26. b4 Qb6 27. Qa4+
Kc7 28. Qxe8 cxb4+ 29. Kh2 1-0

[Event "Christmas op"]
[Site "Toronto CAN"]
[Date "2000.12.30"]
[Round "5"]
[White "Dutton, Warren"]
[Black "Panjwani, Raja"]
[Result "1-0"]
[WhiteElo "2077"]
[BlackElo "1711"]
[PlyCount "59"]
[EventDate "2000.12.26"]
[EventType "swiss"]
[EventRounds "6"]
[EventCountry "CAN"]

1. e4 c5 2. Nc3 Nc6 3. g3 g6 4. Bg2 Bg7 5. d3 e6 6. h4 Nge7 7. h5 d5 8. Nge2 d4
9. Nb1 Ne5 10. Na3 b5 11. h6 Bf6 12. Nf4 c4 13. Bd2 c3 14. bxc3 dxc3 15. Be3
Qa5 16. Nb1 Qb4 17. a4 Qb2 18. Na3 bxa4 19. d4 N5c6 20. e5 Bg5 21. Nc4 Qb4 22.
Nd6+ Kf8 23. Nd3 Bxe3 24. Nxb4 Bd2+ 25. Kf1 Nxb4 26. Bxa8 Ba6+ 27. Kg2 Nec6 28.
Bxc6 Nxc6 29. Qf3 f5 30. Qxc6 1-0

[Event "Thanksgiving op"]
[Site "Toronto CAN"]
[Date "2000.10.07"]
[Round "2"]
[White "Panjwani, Raja"]
[Black "Cohen, David"]
[Result "0-1"]
[WhiteElo "1729"]
[BlackElo "1978"]
[PlyCount "58"]
[EventDate "2000.10.07"]
[EventType "swiss"]
[EventRounds "6"]
[EventCountry "CAN"]

1. e4 e5 2. Nf3 Nc6 3. d4 exd4 4. Bc4 d5 5. exd5 Na5 6. Qxd4 Nxc4 7. Qxc4 Nf6
8. Nc3 Be7 9. Bf4 Bd6 10. Bxd6 Qxd6 11. Nb5 Qe7+ 12. Kf1 O-O 13. Nxc7 Rb8 14.
Re1 Qd6 15. Nb5 Qb6 16. Qb3 Bd7 17. Nc3 Qa6+ 18. Kg1 Bf5 19. Nd4 Bg6 20. Ndb5
Rbc8 21. h3 Rfd8 22. Kh2 Qb6 23. f3 a6 24. Na3 Qd6+ 25. g3 Nxd5 26. Rd1 Qc5 27.
h4 Qf2+ 28. Kh3 Bf5+ 29. g4 Nf4# 0-1

[Event "CAN-op"]
[Site "Edmonton, CAN"]
[Date "2000.07.08"]
[Round "1"]
[White "Neufahrt, Gerhard"]
[Black "Panjwani, Raja"]
[Result "1-0"]
[WhiteElo "2131"]
[BlackElo "1677"]
[PlyCount "47"]
[EventDate "2000.07.08"]
[EventType "swiss"]
[EventRounds "10"]
[EventCountry "CAN"]

1. e4 c5 2. f4 Nc6 3. Nf3 g6 4. Bc4 Bg7 5. Nc3 d6 6. O-O Nf6 7. d3 O-O 8. Kh1
Bg4 9. Be3 Qd7 10. Qd2 Bxf3 11. Rxf3 Ng4 12. Raf1 Nxe3 13. Rxe3 e5 14. f5 Bh6
15. Nd5 Bxe3 16. Qxe3 Kh8 17. f6 Rg8 18. Qg5 Nd4 19. Ne7 Ne6 20. Qh6 g5 21. Rf5
Rg6 22. Nxg6+ fxg6 23. Bxe6 Qxe6 24. Qg7# 1-0

[Event "CAN-op"]
[Site "Edmonton, CAN"]
[Date "2000.07.09"]
[Round "2"]
[White "Panjwani, Raja"]
[Black "Kesteris, Thurston"]
[Result "1-0"]
[WhiteElo "1677"]
[BlackElo "1152"]
[PlyCount "53"]
[EventDate "2000.07.08"]
[EventType "swiss"]
[EventRounds "10"]
[EventCountry "CAN"]

1. e4 e5 2. f4 Nc6 3. Nf3 d6 4. Bc4 exf4 5. d4 g6 6. Bxf4 Bg7 7. O-O Nge7 8.
Be3 O-O 9. Ng5 d5 10. exd5 Nxd5 11. Nxf7 Rxf7 12. Rxf7 Kxf7 13. Qf3+ Bf5 14.
Bxd5+ Kf8 15. Bxc6 bxc6 16. c3 Qd6 17. g4 Re8 18. gxf5 gxf5 19. Qf4 Qg6+ 20.
Kf2 Bh6 21. Qxh6+ Qxh6 22. Bxh6+ Kf7 23. Nd2 Rb8 24. b3 Kg6 25. Bf4 Re8 26. Re1
Rf8 27. Re6+ 1-0

[Event "CAN-op"]
[Site "Edmonton, CAN"]
[Date "2000.07.09"]
[Round "3"]
[White "Hellsten, Ole"]
[Black "Panjwani, Raja"]
[Result "1-0"]
[WhiteElo "1979"]
[BlackElo "1677"]
[PlyCount "121"]
[EventDate "2000.07.08"]
[EventType "swiss"]
[EventRounds "10"]
[EventCountry "CAN"]

1. d4 Nf6 2. Nf3 b6 3. e3 Bb7 4. Bd3 e6 5. Nbd2 Be7 6. e4 O-O 7. O-O d5 8. e5
Nfd7 9. Qe2 c5 10. c3 c4 11. Bc2 b5 12. Re1 a5 13. Nf1 b4 14. g3 Na6 15. h4 Nc7
16. Ng5 h6 17. Nh7 Re8 18. Qg4 Kh8 19. Qh5 f5 20. exf6 Nxf6 21. Qg6 Ne4 22. f3
Bxh4 23. fxe4 dxe4 24. Bxe4 Bxe4 25. Rxe4 Bf6 26. Nxf6 Qxf6 27. Qxf6 gxf6 28.
Bxh6 Nd5 29. Bd2 bxc3 30. bxc3 Rab8 31. Rae1 Rb2 32. R1e2 Rxa2 33. Rg4 Re7 34.
Rh4+ Rh7 35. Rxh7+ Kxh7 36. Rxe6 a4 37. Rd6 Nxc3 38. Bxc3 Rc2 39. Ra6 Rxc3 40.
Rxa4 Rc1 41. d5 c3 42. Kf2 c2 43. Rc4 Rd1 44. Rxc2 Rxd5 45. Rc4 Kg6 46. Rf4 Kg5
47. Ne3 Re5 48. Rg4+ Kh5 49. Rg8 Re6 50. Nf5 Re2+ 51. Kf3 Rf2+ 52. Ke4 Rf4+ 53.
Kd3 Rf3+ 54. Ne3 f5 55. Ke2 Rxe3+ 56. Kxe3 Kh6 57. Kf4 Kh7 58. Rg5 Kh6 59. Kxf5
Kh7 60. Kf6 Kh8 61. Kf7 1-0

[Event "CAN-op"]
[Site "Edmonton, CAN"]
[Date "2000.07.10"]
[Round "4"]
[White "Panjwani, Raja"]
[Black "Tassone, Adam"]
[Result "1-0"]
[WhiteElo "1677"]
[BlackElo "1258"]
[PlyCount "107"]
[EventDate "2000.07.08"]
[EventType "swiss"]
[EventRounds "10"]
[EventCountry "CAN"]

1. e4 e5 2. f4 Bc5 3. Nf3 d6 4. Bc4 Nc6 5. c3 Qe7 6. f5 Nf6 7. d3 Bd7 8. a4 a6
9. h4 h6 10. Rf1 Bb6 11. Nfd2 Rd8 12. Rh1 Na5 13. g4 Nxc4 14. Nxc4 Ba7 15. Qf3
Bc6 16. Na5 Qd7 17. Nxc6 Qxc6 18. g5 Ng8 19. g6 f6 20. b4 d5 21. b5 Qd6 22.
bxa6 bxa6 23. exd5 Qxd5 24. Qxd5 Rxd5 25. Ke2 Ne7 26. Rf1 Kd7 27. c4 Rd6 28.
Ba3 Rd4 29. Bxe7 Kxe7 30. Nc3 Rxh4 31. Nd5+ Kd6 32. Rab1 Rb8 33. Rxb8 Bxb8 34.
Rb1 c6 35. Rxb8 cxd5 36. cxd5 Rxa4 37. Rb7 Kxd5 38. Rd7+ Kc6 39. Rxg7 Rf4 40.
Rg8 Rxf5 41. g7 Rg5 42. Rc8+ Kd7 43. g8=Q Rxg8 44. Rxg8 Ke7 45. Rh8 Kf7 46.
Rxh6 Kg7 47. Rh1 Kg6 48. Ra1 Kg5 49. Kf3 f5 50. Rxa6 f4 51. Ra5 Kf6 52. Ke4 Kg5
53. Rxe5+ Kg4 54. Rf5 1-0

[Event "CAN-op"]
[Site "Edmonton, CAN"]
[Date "2000.07.11"]
[Round "5"]
[White "Jewlal, Derrick"]
[Black "Panjwani, Raja"]
[Result "1-0"]
[WhiteElo "1908"]
[BlackElo "1677"]
[PlyCount "41"]
[EventDate "2000.07.08"]
[EventType "swiss"]
[EventRounds "10"]
[EventCountry "CAN"]

1. e4 c5 2. f4 Nc6 3. Nf3 g6 4. Nc3 Bg7 5. d3 e6 6. Be2 Nge7 7. Be3 Nd4 8. O-O
Nec6 9. e5 Nxf3+ 10. Bxf3 b6 11. Ne4 O-O 12. c3 Bh6 13. Nf6+ Kh8 14. g4 Nxe5
15. g5 Nxf3+ 16. Qxf3 Rb8 17. Qh3 Rg8 18. Qxh6 Rg7 19. Rf3 d5 20. d4 e5 21.
fxe5 1-0

[Event "CAN-op"]
[Site "Edmonton, CAN"]
[Date "2000.07.12"]
[Round "6"]
[White "Panjwani, Raja"]
[Black "Carayanniotis, George"]
[Result "1/2-1/2"]
[WhiteElo "1677"]
[BlackElo "998"]
[PlyCount "86"]
[EventDate "2000.07.08"]
[EventType "swiss"]
[EventRounds "10"]
[EventCountry "CAN"]

1. e4 d6 2. d4 g6 3. Nc3 Bg7 4. Be2 c6 5. f4 Nd7 6. Nf3 a6 7. O-O Qc7 8. e5 d5
9. Qe1 e6 10. Nd1 Ne7 11. Bd3 c5 12. c3 O-O 13. Qh4 h6 14. Nf2 Nf5 15. Bxf5
exf5 16. g4 Nb6 17. g5 h5 18. Nd3 cxd4 19. Nxd4 Qc4 20. Qg3 Bd7 21. Qe3 Rae8
22. Bd2 Qc8 23. b3 Na8 24. Rac1 b5 25. b4 Nb6 26. Nc5 Nc4 27. Qe2 Nxd2 28. Qxd2
Bc6 29. Rfe1 Bd7 30. Re3 Re7 31. Rce1 Rfe8 32. R1e2 Kh7 33. Qe1 Kh8 34. h4 Kh7
35. a3 Kh8 36. Qd2 Kh7 37. Kg2 Kh8 38. Kf2 Kh7 39. Ke1 Qa8 40. Kd1 a5 41. Nxd7
Rxd7 42. Nxb5 axb4 43. Nd6 bxa3 1/2-1/2

[Event "CAN-op"]
[Site "Edmonton, CAN"]
[Date "2000.07.13"]
[Round "7"]
[White "Thimm, Harald"]
[Black "Panjwani, Raja"]
[Result "0-1"]
[WhiteElo "2016"]
[BlackElo "1677"]
[PlyCount "34"]
[EventDate "2000.07.08"]
[EventType "swiss"]
[EventRounds "10"]
[EventCountry "CAN"]

1. d4 Nf6 2. c4 e6 3. Nc3 Bb4 4. Bd2 Bxc3 5. Bxc3 Ne4 6. Nf3 Nxc3 7. bxc3 c5 8.
e3 Nc6 9. Bd3 O-O 10. O-O b6 11. d5 Ne7 12. e4 d6 13. Re1 e5 14. Nd2 Ng6 15.
Nf1 Nf4 16. Ne3 Qg5 17. Bf1 Nh3+ 0-1

[Event "CAN-op"]
[Site "Edmonton, CAN"]
[Date "2000.07.14"]
[Round "8"]
[White "Panjwani, Raja"]
[Black "Klokow, John"]
[Result "1/2-1/2"]
[WhiteElo "1677"]
[BlackElo "1783"]
[PlyCount "73"]
[EventDate "2000.07.08"]
[EventType "swiss"]
[EventRounds "10"]
[EventCountry "CAN"]

1. e4 e5 2. Nf3 Nc6 3. d4 exd4 4. Bc4 Bc5 5. c3 dxc3 6. Bxf7+ Kxf7 7. Qd5+ Ke8
8. Qh5+ Kf8 9. Qxc5+ d6 10. Qxc3 Nf6 11. Nbd2 Ke7 12. e5 dxe5 13. Nxe5 Nxe5 14.
Qxe5+ Kf7 15. O-O Re8 16. Qg3 Re6 17. Nf3 Kf8 18. Bg5 Qe7 19. Rfe1 c5 20. Rxe6
Bxe6 21. Re1 Rd8 22. Qe5 Kf7 23. Bxf6 gxf6 24. Qf4 Kg8 25. Qe4 Re8 26. Nh4 Qf7
27. Nf5 Qd7 28. h3 Kf8 29. Qh4 Bxf5 30. Qxf6+ Kg8 31. Rxe8+ Qxe8 32. Qxf5 Qe7
33. Qd5+ Kf8 34. Qf5+ Ke8 35. Qc8+ Kf7 36. Qf5+ Ke8 37. Qc8+ 1/2-1/2

[Event "CAN-op"]
[Site "Edmonton, CAN"]
[Date "2000.07.15"]
[Round "9"]
[White "Lynn, Jim"]
[Black "Panjwani, Raja"]
[Result "0-1"]
[WhiteElo "1904"]
[BlackElo "1677"]
[PlyCount "68"]
[EventDate "2000.07.08"]
[EventType "swiss"]
[EventRounds "10"]
[EventCountry "CAN"]

1. c4 Nf6 2. Nf3 e6 3. g3 b6 4. Bg2 Bb7 5. O-O Be7 6. Nc3 O-O 7. d4 Ne4 8. Qc2
f5 9. Nd2 Nxd2 10. Qxd2 Bxg2 11. Kxg2 g5 12. d5 Qe8 13. Nb5 Na6 14. d6 cxd6 15.
Nxd6 Qh5 16. e3 f4 17. exf4 gxf4 18. f3 fxg3 19. hxg3 Rad8 20. Qh6 Qxh6 21.
Bxh6 Bxd6 22. Bxf8 Bxf8 23. Rad1 Bg7 24. Rfe1 Kf7 25. Re2 d5 26. cxd5 exd5 27.
Rc1 d4 28. Rc6 d3 29. Rd2 Bxb2 30. Rxb2 d2 31. Rb1 d1=Q 32. Rxd1 Rxd1 33. a4
Ra1 34. Rc4 Nc5 0-1

[Event "CAN-op"]
[Site "Edmonton, CAN"]
[Date "2000.07.16"]
[Round "10"]
[White "Panjwani, Raja"]
[Black "Tessier, Olivier"]
[Result "1-0"]
[WhiteElo "1677"]
[BlackElo "2001"]
[PlyCount "103"]
[EventDate "2000.07.08"]
[EventType "swiss"]
[EventRounds "10"]
[EventCountry "CAN"]

1. e4 Nf6 2. e5 Nd5 3. c4 Nb6 4. d4 d6 5. f4 dxe5 6. fxe5 c5 7. d5 e6 8. Nc3
exd5 9. cxd5 Qh4+ 10. g3 Qd4 11. Nf3 Qxd1+ 12. Kxd1 Bg4 13. Bg2 N8d7 14. Re1
O-O-O 15. h3 Bh5 16. g4 Bg6 17. Bf4 Nxd5 18. Nxd5 Nb6 19. Nd2 Nxd5 20. Bxd5
Rxd5 21. e6 Bd6 22. Bxd6 Rxd6 23. exf7 Rhd8 24. Re2 Bxf7 25. Kc1 Rd3 26. h4 Rh3
27. Kc2 Bg6+ 28. Ne4 Rxh4 29. Kc3 h5 30. Rg1 b5 31. Nxc5 Rh3+ 32. Kb4 Rd4+ 33.
Kxb5 Bd3+ 34. Nxd3 Rhxd3 35. Rc1+ Kb7 36. Re7+ Rd7 37. Rxd7+ Rxd7 38. gxh5 a6+
39. Kb4 Rd5 40. Rc5 Rxc5 41. Kxc5 Kc7 42. b4 Kb7 43. a4 Kc7 44. b5 axb5 45.
axb5 Kb7 46. b6 Kc8 47. Kc6 Kb8 48. b7 g5 49. h6 g4 50. h7 g3 51. h8=Q+ Ka7 52.
Qa8# 1-0

[Event "CYCC U10 Ontario-ch playoff"]
[Site "Toronto CAN"]
[Date "2000.04.30"]
[Round "2"]
[White "Vadachkoriya, Irakli"]
[Black "Panjwani, Raja"]
[Result "0-1"]
[WhiteElo "1793"]
[BlackElo "1430"]
[PlyCount "62"]
[EventDate "2000.04.30"]
[EventType "swiss"]
[EventRounds "2"]
[EventCountry "CAN"]
[Source "CFC"]
[SourceDate "2000.06.??"]

1. e4 c5 2. Nc3 Nc6 3. f4 g6 4. Bc4 Bg7 5. Nf3 e6 6. O-O Nge7 7. d3 O-O 8. Qe1
d5 9. exd5 exd5 10. Bb3 Re8 11. Qh4 Be6 12. Re1 Nf5 13. Qxd8 Raxd8 14. Bd2 a6
15. a4 Nfd4 16. Nxd4 Nxd4 17. Rad1 Nxb3 18. cxb3 d4 19. Ne4 Bxb3 20. Rc1 Bxa4
21. Nxc5 Rxe1+ 22. Bxe1 Rc8 23. Bd2 Bb5 24. Nxb7 Rxc1+ 25. Bxc1 Bxd3 26. Kf2 f5
27. b4 Kf7 28. Bb2 Bb5 29. Nd6+ Ke6 30. Nxb5 axb5 31. Ke2 d3+ 0-1

[Event "1000GM Summer GM-A"]
[Site "New York USA"]
[Date "2024.07.09"]
[Round "1.3"]
[White "Panjwani, Raja"]
[Black "Plat, Vojtech"]
[Result "1/2-1/2"]
[WhiteElo "2458"]
[BlackElo "2465"]
[PlyCount "41"]
[EventDate "2024.07.09"]
[EventType "tourn"]
[EventRounds "9"]
[EventCountry "USA"]
[EventCategory "8"]
[Source "ChessMix "]
[SourceDate "2024.07.20"]

1. d4 Nf6 2. Nf3 g6 3. Bf4 Bg7 4. e3 d6 5. h3 O-O 6. Be2 Nbd7 7. O-O b6 8. Bh2
Bb7 9. a4 a5 10. Nfd2 e5 11. Bf3 Qc8 12. Na3 Re8 13. Nb5 e4 14. Be2 Nf8 15. Nc4
Qd8 16. c3 Ne6 17. b4 d5 18. Nd2 axb4 19. cxb4 Bf8 20. Qb3 c5 21. bxc5 1/2-1/2

[Event "1000GM Summer GM-A"]
[Site "New York USA"]
[Date "2024.07.10"]
[Round "2.4"]
[White "Barbosa, Oliver"]
[Black "Panjwani, Raja"]
[Result "1/2-1/2"]
[WhiteElo "2482"]
[BlackElo "2458"]
[PlyCount "35"]
[EventDate "2024.07.09"]
[EventType "tourn"]
[EventRounds "9"]
[EventCountry "USA"]
[EventCategory "8"]
[Source "ChessMix "]
[SourceDate "2024.07.20"]

1. Nf3 Nf6 2. d4 g6 3. Bg5 Bg7 4. Nbd2 d6 5. c3 h6 6. Bh4 O-O 7. e4 Nh5 8. Bc4
Qe8 9. O-O e5 10. dxe5 dxe5 11. Re1 Nd7 12. Bf1 Nb6 13. a4 a5 14. Nc4 Nxc4 15.
Bxc4 Bf6 16. Bxf6 Nxf6 17. Qb3 Qe7 18. Nd2 1/2-1/2

[Event "1000GM Summer GM-A"]
[Site "New York USA"]
[Date "2024.07.11"]
[Round "3.2"]
[White "Panjwani, Raja"]
[Black "Bora, Safal"]
[Result "1/2-1/2"]
[WhiteElo "2458"]
[BlackElo "2466"]
[PlyCount "106"]
[EventDate "2024.07.09"]
[EventType "tourn"]
[EventRounds "9"]
[EventCountry "USA"]
[EventCategory "8"]
[Source "ChessMix "]
[SourceDate "2024.07.20"]

1. d4 d5 2. Nf3 Nf6 3. Bf4 c5 4. e3 Nc6 5. Nbd2 e6 6. c3 cxd4 7. exd4 Nh5 8.
Be3 Bd6 9. Bd3 Nf4 10. Bxf4 Bxf4 11. O-O O-O 12. Re1 Bd7 13. Nb3 g6 14. g3 Bc7
15. h4 b6 16. h5 Qf6 17. Qe2 Rae8 18. Ne5 Nxe5 19. dxe5 Qg7 20. hxg6 hxg6 21.
f4 f6 22. Nd4 g5 23. Qh5 gxf4 24. Bg6 fxe5 25. Nf3 Rf5 26. Ng5 Rxg5 27. Qxg5
Rf8 28. gxf4 Rxf4 29. Re2 Qf6 30. Qxf6 Rxf6 31. Rg2 Kf8 32. Rf1 Ke7 33. Bh5
Rxf1+ 34. Kxf1 Kd6 35. Ke2 b5 36. Rg8 Bb6 37. Be8 Bxe8 38. Rxe8 e4 39. Rh8 Ke5
40. Rh7 Kd6 41. Rh6 b4 42. cxb4 d4 43. a4 Kd5 44. a5 d3+ 45. Kd2 Bf2 46. b5 Kd4
47. Rxe6 e3+ 48. Kd1 e2+ 49. Kd2 Bg3 50. b6 Bf4+ 51. Ke1 Bg3+ 52. Kd2 Bf4+ 53.
Ke1 Bg3+ 1/2-1/2

[Event "1000GM Summer GM-A"]
[Site "New York USA"]
[Date "2024.07.12"]
[Round "4.5"]
[White "Khamrakulov, Djurabek"]
[Black "Panjwani, Raja"]
[Result "1-0"]
[WhiteElo "2491"]
[BlackElo "2458"]
[PlyCount "103"]
[EventDate "2024.07.09"]
[EventType "tourn"]
[EventRounds "9"]
[EventCountry "USA"]
[EventCategory "8"]
[Source "ChessMix "]
[SourceDate "2024.07.20"]

1. e4 e6 2. d4 d5 3. Nd2 c5 4. exd5 exd5 5. Ngf3 Nc6 6. Be2 Nf6 7. O-O Be7 8.
dxc5 Bxc5 9. Nb3 Bb6 10. c4 dxc4 11. Qxd8+ Bxd8 12. Bxc4 O-O 13. Be3 Bg4 14.
Nbd4 Nxd4 15. Bxd4 Bxf3 16. gxf3 Bb6 17. Bxb6 axb6 18. Rfe1 Rfc8 19. b3 Kf8 20.
a4 Rd8 21. Re5 Ra5 22. Bb5 Ne8 23. Rc1 Raa8 24. Bxe8 Rxe8 25. Rb5 Re6 26. Rc7
Rd8 27. Rxb7 Rd1+ 28. Kg2 Rg6+ 29. Kh3 Rdd6 30. Rf5 Rgf6 31. Rxf6 Rxf6 32. Kg3
g5 33. f4 gxf4+ 34. Kf3 Rh6 35. h4 Kg7 36. Ke4 Rf6 37. b4 f3 38. Ke3 Rc6 39.
Kxf3 Rc3+ 40. Ke2 Ra3 41. Rxb6 Rxa4 42. h5 h6 43. Ke3 Ra3+ 44. Ke4 Rh3 45. Rb5
Rh2 46. Rf5 Rh4+ 47. f4 Rh1 48. Kd5 Rb1 49. Kc5 f6 50. b5 Kf7 51. Kc6 Rb4 52.
b6 1-0

[Event "1000GM Summer GM-A"]
[Site "New York USA"]
[Date "2024.07.12"]
[Round "5.1"]
[White "Panjwani, Raja"]
[Black "Nakada, Akira W"]
[Result "1/2-1/2"]
[WhiteElo "2458"]
[BlackElo "2412"]
[PlyCount "30"]
[EventDate "2024.07.09"]
[EventType "tourn"]
[EventRounds "9"]
[EventCountry "USA"]
[EventCategory "8"]
[Source "ChessMix "]
[SourceDate "2024.07.20"]

1. d4 Nf6 2. Nf3 d5 3. Bf4 e6 4. e3 Bd6 5. Ne5 O-O 6. Bd3 c5 7. c3 Qc7 8. Nd2
Nc6 9. Ndf3 b6 10. Nxc6 Qxc6 11. Ne5 Qc7 12. O-O Bb7 13. Rc1 Rad8 14. Bg3 Ne4
15. f4 f6 1/2-1/2